<?xml version="1.0" encoding="UTF-8"?>
<record
    xmlns:xsi="http://www.w3.org/2001/XMLSchema-instance"
    xsi:schemaLocation="http://www.loc.gov/MARC21/slim http://www.loc.gov/standards/marcxml/schema/MARC21slim.xsd"
    xmlns="http://www.loc.gov/MARC21/slim">

  <leader>02482nam a22002177a 4500</leader>
  <controlfield tag="008">250923b        |||||||| |||| 00| 0 eng d</controlfield>
  <datafield tag="020" ind1=" " ind2=" ">
    <subfield code="a">9782080485090</subfield>
  </datafield>
  <datafield tag="040" ind1=" " ind2=" ">
    <subfield code="c">tbs</subfield>
  </datafield>
  <datafield tag="041" ind1=" " ind2=" ">
    <subfield code="a">fre</subfield>
  </datafield>
  <datafield tag="050" ind1=" " ind2=" ">
    <subfield code="a">HD4904 </subfield>
    <subfield code="b">S8914 2023</subfield>
  </datafield>
  <datafield tag="100" ind1=" " ind2=" ">
    <subfield code="a">Suzman, James</subfield>
    <subfield code="9">25952</subfield>
    <subfield code="e">author</subfield>
  </datafield>
  <datafield tag="240" ind1=" " ind2=" ">
    <subfield code="a">Work</subfield>
    <subfield code="l">French.</subfield>
  </datafield>
  <datafield tag="245" ind1=" " ind2=" ">
    <subfield code="a">Travailler</subfield>
    <subfield code="b">: la grande affaire de l'humanit&#xE9;</subfield>
    <subfield code="c">/ James Suzman.</subfield>
  </datafield>
  <datafield tag="260" ind1=" " ind2=" ">
    <subfield code="a">Paris : </subfield>
    <subfield code="b">Flammarion, </subfield>
    <subfield code="c">2023.</subfield>
  </datafield>
  <datafield tag="300" ind1=" " ind2=" ">
    <subfield code="a">470 pages : </subfield>
    <subfield code="b">illustrations, graphs, maps (black and white) ; </subfield>
    <subfield code="c">18 cm.</subfield>
  </datafield>
  <datafield tag="490" ind1=" " ind2=" ">
    <subfield code="a">Champs</subfield>
    <subfield code="v">Essais</subfield>
  </datafield>
  <datafield tag="520" ind1=" " ind2=" ">
    <subfield code="a">Le travail d&#xE9;termine les personnes avec qui nous passons la plupart de notre temps, alimente nos valeurs morales et politiques, fa&#xE7;onne nos perspectives d'avenir. L'histoire des premiers homo sapiens r&#xE9;v&#xE8;le pourtant un monde o&#xF9; le travail ne jouait pas ce r&#xF4;le primordial. Pourquoi travaillons-nous autant ? Comment le travail a-t-il pu fa&#xE7;onner &#xE0; ce point notre &#xE9;volution ? James Suzman propose une nouvelle histoire du travail en s'appuyant sur vingt-cinq ans de recherches, &#xE0; l'interface entre les tribus de chasseurs-cueilleurs, les premi&#xE8;res soci&#xE9;t&#xE9;s agricoles et le monde industrialis&#xE9;. Il r&#xE9;v&#xE8;le comment les r&#xE9;volutions technologiques successives ont d&#xE9;form&#xE9; notre conception de l'effort et de la r&#xE9;compense, engendrant une s&#xE9;rie de probl&#xE8;mes sociaux, &#xE9;conomiques et environnementaux. La perspective d'une automatisation g&#xE9;n&#xE9;ralis&#xE9;e, susceptible de transformer en profondeur nos soci&#xE9;t&#xE9;s laborieuses, r&#xE9;v&#xE8;le l'urgence de r&#xE9;inventer notre rapport au travail.</subfield>
  </datafield>
  <datafield tag="520" ind1=" " ind2=" ">
    <subfield code="a">Work determines the people we spend most of our time with, fuels our moral and political values, and shapes our visions of the future. Yet the history of the first homo sapiens reveals a world in which work did not play such a central role. Why do we work so much? How has work come to shape our evolution so profoundly? James Suzman offers a new history of work, drawing on twenty-five years of research at the intersection of hunter-gatherer tribes, the first agricultural societies, and the industrialized world. He shows how successive technological revolutions have distorted our understanding of effort and reward, giving rise to a series of social, economic, and environmental problems. The prospect of widespread automation, likely to profoundly transform our labor-driven societies, underscores the urgency of reinventing our relationship with work.</subfield>
  </datafield>
  <datafield tag="650" ind1=" " ind2="0">
    <subfield code="a">Industrial sociology</subfield>
    <subfield code="9">12339</subfield>
  </datafield>
  <datafield tag="942" ind1=" " ind2=" ">
    <subfield code="2">lcc</subfield>
  </datafield>
  <datafield tag="952" ind1=" " ind2=" ">
    <subfield code="0">0</subfield>
    <subfield code="1">0</subfield>
    <subfield code="2">lcc</subfield>
    <subfield code="4">0</subfield>
    <subfield code="7">0</subfield>
    <subfield code="a">TBS</subfield>
    <subfield code="b">TBS</subfield>
    <subfield code="d">2025-09-23</subfield>
    <subfield code="l">2</subfield>
    <subfield code="m">2</subfield>
    <subfield code="o">HD4904 SUZ</subfield>
    <subfield code="p">B07596</subfield>
    <subfield code="q">2026-02-28</subfield>
    <subfield code="r">2026-01-14</subfield>
    <subfield code="s">2026-01-14</subfield>
    <subfield code="t">1</subfield>
    <subfield code="w">2025-09-23</subfield>
    <subfield code="y">1</subfield>
  </datafield>
  <datafield tag="999" ind1=" " ind2=" ">
    <subfield code="c">4979</subfield>
    <subfield code="d">4979</subfield>
  </datafield>
</record>
